00821nam a2200265 a 4500008004100000020002900041040001500070245007700085250001900162260003700181300004700218336002600265337002800291338002700319500002000346504004100366650001800407650002100425650001600446650002200462700002500484700002800509003000100537005001700538  a9780627031236 (hardback) aNUSTcNUST aSouth African family practice manual/cedited by Bob Mash & Julia Blitz. aThird edition. aPretoria :b Van Schaik, c2015. axiii, 630 pages :billustrations ;c25 cm. atextbtxt2rdacontent aunmediatedbn2rdamedia avolumebnc2rdacarrier aIncludes index. aIncludes bibliographical references. 1aSouth Africa. aFamily medicine. aPediatrics. aChild development aMash, Bob.,aeditor. aBlitz, Julia.,aeditor.20230120191440.0